Mýty a skutečnost
Mýty a skutočnoť o benefitoch. Benefity ako motivácia. Skutočne užitočné benefity.
Guardado en:
| Autor principal: | |
|---|---|
| Formato: | Capítulo de libro |
| Lenguaje: | checo |
| Materias: | |
| Etiquetas: |
Sin Etiquetas, Sea el primero en etiquetar este registro!
|
MARC
| LEADER | 00000naa a2200000 4500 | ||
|---|---|---|---|
| 001 | 0166336 | ||
| 005 | 20231211093401.5 | ||
| 041 | 0 | |a cze | |
| 044 | |a CZ | ||
| 245 | 1 | 0 | |a Mýty a skutečnost |c Pavel Franek |
| 520 | |a Mýty a skutočnoť o benefitoch. Benefity ako motivácia. Skutočne užitočné benefity. | ||
| 610 | 2 | 0 | |a benefity |
| 610 | 2 | 0 | |a odmeňovanie |
| 610 | 2 | 0 | |a motivácia pracovná |
| 610 | 2 | 0 | |a zamestnanci |
| 610 | 2 | 0 | |a zamestnávatelia |
| 100 | 1 | |a Franek, Pavel | |